National Assembly Library of Thailand

ประมวลพระราชดำรัสสมเด็จพระเทพรัตนราชสุดาฯ สยามบรมราชกุมารี ด้านการพัฒนาเด็กและเยาวชนในถิ่นทุรกันดาร พุทธศักราช 2524 - 2553 / (ระเบียนเลขที่ 70545)

รายละเอียดในรูปแบบ MARC
000 -LEADER
fixed length control field 01564nam a22002177a 4500
003 - CONTROL NUMBER IDENTIFIER
control field NALT
005 - DATE AND TIME OF LATEST TRANSACTION
control field 20250520142344.0
008 - FIXED-LENGTH DATA ELEMENTS--GENERAL INFORMATION
fixed length control field s2554 th tha d
020 ## - INTERNATIONAL STANDARD BOOK NUMBER
International Standard Book Number 9789749958445
040 ## - CATALOGING SOURCE
Original cataloging agency NALT
041 ## - LANGUAGE CODE
Language code of text/sound track or separate title tha
050 ## - LIBRARY OF CONGRESS CALL NUMBER
Classification number PN 4193.P7
Item number ท622ป 2554
110 2# - MAIN ENTRY--CORPORATE NAME
Corporate name or jurisdiction name as entry element สำนักงานโครงการสมเด็จพระเทพรัตนราชสุดา ฯ สยามบรมราชกุมารี
9 (RLIN) 27453
245 10 - TITLE STATEMENT
Title ประมวลพระราชดำรัสสมเด็จพระเทพรัตนราชสุดาฯ สยามบรมราชกุมารี ด้านการพัฒนาเด็กและเยาวชนในถิ่นทุรกันดาร พุทธศักราช 2524 - 2553 /
Statement of responsibility, etc. สำนักงานโครงการสมเด็จพระเทพรัตนราชสุดา ฯ สยามบรมราชกุมารี
260 ## - PUBLICATION, DISTRIBUTION, ETC.
Place of publication, distribution, etc. กรุงเทพฯ :
Name of publisher, distributor, etc. สำนักงานโครงการสมเด็จพระเทพรัตนราชสุดาฯ สยามบรมราชกุมารี,
Date of publication, distribution, etc. 2554.
300 ## - PHYSICAL DESCRIPTION
Extent 127 หน้า ;
Other physical details
Dimensions 27 ซม.
600 00 - SUBJECT ADDED ENTRY--PERSONAL NAME
Personal name เทพรัตนราชสุดาฯ สยามบรมราชกุมารี,
Titles and other words associated with a name สมเด็จพระ,
Dates associated with a name 2498-
General subdivision พระราชดำรัส
9 (RLIN) 27541
850 ## - HOLDING INSTITUTION
Holding institution NALT
942 ## - ADDED ENTRY ELEMENTS (KOHA)
Koha item type General Book
Source of classification or shelving scheme Library of Congress Classification
998 ## - STAFF NAME (NALT)
-- 1020
-- นางจำเรียง ระวังสำโรง
รายการที่มีในห้องสมุด
Withdrawn status Lost status Source of classification or shelving scheme Damaged status Not for loan Collection code Home library Current library Shelving location Source of acquisition Total Checkouts Full call number Barcode Date last seen Copy number Price effective from Koha item type Date acquired
    Library of Congress Classification   Not for Loan General Book collection National Assembly Library of Thailand National Assembly Library of Thailand Parliament Building 2 บริจาค   PN 4193.P7 ท622ป 2554 3961193560 09/06/2017 ฉ.3 09/06/2017 General Book  
    Library of Congress Classification   Not for Loan General Book collection National Assembly Library of Thailand National Assembly Library of Thailand Parliament Building 2 บริจาค   PN 4193.P7 ท622ป 2554 3961193559 09/06/2017 ฉ.4 09/06/2017 General Book  
    Library of Congress Classification     General Book collection National Assembly Library of Thailand National Assembly Library of Thailand General Book shelves บริจาค   PN 4193.P7 ท622ป 2554 3961193562 09/06/2017 ฉ.2 09/06/2017 General Book 14/09/2022
    Library of Congress Classification     General Book collection National Assembly Library of Thailand National Assembly Library of Thailand General Book shelves บริจาค   PN 4193.P7 ท622ป 2554 3961193561 09/06/2017 ฉ.1 09/06/2017 General Book 14/09/2022
หอสมุดรัฐสภา
สำนักงานเลขาธิการสภาผู้แทนราษฎร เลขที่ 1111 ถนนสามเสน แขวงถนนนครไชยศรี เขตดุสิต กรุงเทพฯ 10300
The Secretariat of the House of Representatives 1111 Samsen Road, Thanon Nakhon Chai Si, Dusit, Bangkok 10300, THAILAND
โทรศัพท์: +66(0) 2242 5900 ต่อ 5714-5 โทรสาร: +66(0) 2242 5990 อีเมล: [email protected]